000 00442nam a2200157 4500
001 108623
003 ES-MaACL
005 20230906184656.0
007 t|
008 061121s1955 xxu r ||||1| eng d
100 1 _aMontgomery, Claude.
_982628
245 1 0 _aMajorca sketchbook /
_cClaude Montgomery.
260 _aMaine :
_b[s.n.,
_c1955?] (
_fPalma : Muntaner)
300 _a60 p. :
_bil ;
_c22 cm.
852 _aES-MaACL
_jC-10232
_bR.37955
999 _c108623
_d108623